| 000 | 00701nmm a2200253 a 4500 | ||
|---|---|---|---|
| 003 | AR-BaBNM | ||
| 005 | 20251128205350.0 | ||
| 008 | 197019s1995 ||||||||||||||000 | spa|| | ||
| 020 | _a950-786-017-7 | ||
| 040 | _cAR-BaBNM | ||
| 100 | 1 | _aFerro, Roberto | |
| 245 | 1 | 0 |
_aEscritura y desconstrucción _blectura [H]errada con Jaques Derrida |
| 260 |
_aBuenos Aires _bBiblos _c1995 |
||
| 300 | _a178 p. | ||
| 500 | _aContiene referencias bibliográficas en p. 159 | ||
| 650 | 4 | _aTEORIA LITERARIA | |
| 650 | 4 | _aLITERATURA ARGENTINA | |
| 650 | 4 | _aCRITICA LITERARIA | |
| 650 | 4 | _aFILOSOFIA LITERARIA | |
| 653 | _aESTUDIOS LITERARIOS | ||
| 655 | _aLITERATURA | ||
| 942 | _cBK | ||
| 998 | _cMARTIN | ||
| 999 |
_c11110 _d11110 |
||